000 00750nam a22002177a 4500
999 _c20701
_d20701
003 AR-CdUCM
008 190604b ||||| |||| 00| 0 spa d
040 _aMUNICIPALIDAD PROVINCIAL DEL CUSCO
_cBIBLIOTECA MUNICIPAL DEL CUSCO
082 _a898 /
_bY77
100 _aYagkug, Abiatex - Bernabe - Mauricio y otros
_943242
245 _aDushimain aújmatbau /
260 _aLima :
_bEBRA,
_c2008
300 _a16 páginas ;
_bIlustraciones,
_c21 cm.
500 _aLengua Awajún
505 _aContenido: Papíi aujtainum aú iwáinamu -- Takát iwáinamu -- Dushikmain aujmatbau.
650 _aCuentos
_9217
650 _aJuvenil
_927913
700 _aIlustrador: Shimbucat Taish, Juan Manuel
_943243
942 _2ddc
_cLIBROS
945 _aJavier